Κατάλογος Βιβλιοθηκών Mediterranean College

Βία στην Οικογένεια / Τεκμηριωμένη Πρακτική και Τεκμήρια από την Πρακτική (Record no. 3220)

MARC details
000 -LEADER
fixed length control field 01846cam a22002054a 4500
005 - ΗΜΕΡΟΜΗΝΙΑ ΚΑΙ ΩΡΑ ΤΕΛΕΥΤΑΙΑΣ ΕΝΗΜΕΡΩΣΗΣ
Πεδίο ελέγχου 20250605164109.0
008 - FIXED-LENGTH DATA ELEMENTS--GENERAL INFORMATION
Πεδίο ελέγχου σταθερού μήκους 250528s ||||||||||||||||||||||||d
035 ## - SYSTEM CONTROL NUMBER
System control number 17820
020 ## - ISBN
ISBN 9789606750380
040 ## - ΠΗΓΗ ΚΑΤΑΛΟΓΟΓΡΑΦΗΣΗΣ
Φορέας πρωτότυπης καταλογογράφησης MC Athens Campus Library
Γλώσσα καταλογογράφησης Ελληνικά, Μοντέρνα (1453-)
Modifying agency MC Athens Campus Library
Κανόνες περιγραφικής καταλογογράφησης AACR2
245 1# - ΤΙΤΛΟΣ ΚΑΙ ΔΗΛΩΣΗ ΥΠΕΥΘΥΝΟΤΗΤΑΣ
Τίτλος Βία στην Οικογένεια / Τεκμηριωμένη Πρακτική και Τεκμήρια από την Πρακτική
260 ## - PUBLICATION, DISTRIBUTION, ETC.
Name of publisher, distributor, etc. Addison-Wesley,
Date of publication, distribution, etc. 2009
300 ## - PHYSICAL DESCRIPTION
Extent 344
520 ## - SUMMARY, ETC.
Summary, etc. Η συλλογή των παρόντων κειμένων επιχειρεί να συνεισφέρει στην οικοδόμηση ενός σώματος γνώσεων και πρακτικών που να συνδυάζει την τεκμηρίωση με την εμπειρία και την θεωρία με την πρακτική στο ευαίσθητο κοινωνικά πεδίο της προστασίας των παιδιών από κάθε μορφής βία. Πρόλογος, Μορφές και Χαρακτηριστικλά της Βίας κατά των Παιδιών: Θεωρητικοί Μετασχηματισμοί και Σύγχρονα Δεδομένα, Κακοποίηση και Παραμέληση Παιδιού: Από την Θεωρία στην Πράξη, Βία κατά των Γυναικών: Δεδομένα και Αναλύσεις και Προοπτικές, Έρευνα και Στρατηγικές για την Προάσπιση των Δικαιωμάτων του Παιδιού Εντός και Εκτός Οικογένειας, Η Νομική Μετεξέλιξη του Φαινομένου της Ενδοοικογενειακής Βίας.
700 1# - ΠΡΟΣΘΕΤΗ ΑΝΑΓΡΑΦΗ--ΦΥΣΙΚΟ ΠΡΟΣΩΠΟ
Personal name Νικολαϊδης Γ
9 (RLIN) 4090
700 1# - ΠΡΟΣΘΕΤΗ ΑΝΑΓΡΑΦΗ--ΦΥΣΙΚΟ ΠΡΟΣΩΠΟ
Personal name Σταυριανάκη Μ
9 (RLIN) 4091
942 ## - ADDED ENTRY ELEMENTS (KOHA)
Koha item type Books
Holdings
Τύπος τεκμηρίου Βιβλιοθήκη Τρέχουσα τοποθεσία Barcode Αριθμός εισαγωγής Ημερομηνία απόκτησης Ταξιθετικό σύμβολο Αριθμός αντιτύπου Κατάσταση απόσυρσης Κατάσταση χαμένου Κατάσταση κατεστραμμένου Μη δανεισμός Σύνολο δανεισμών Ημερομηνία τελευταίας εμφάνισης Η τιμή ισχύει από
Books MC Athens Campus Library MC Athens Campus Library 9780000032195 7218 05/06/2025 362.8292 NIK 1           05/06/2025 05/06/2025

MC Athens Campus Library
Πατησίων 94 & Κοδριγκτώνος 13, 104 34
Πελλήνης 8 & Πατησίων 107, 112 51
Τ: +30 210 8899600

MC Thessaloniki Campus Library
Ίωνος Δραγούμη 21, 54625 | Ίωνος Δραγούμη 15, 54625
Τ: +30 2310 287779 – Τ: +30 2314 440300